[Event "ROM-ch U10 Boys"]
[Site "Voineasa"]
[Date "2008.04.14"]
[Round "4"]
[White "Oancia, Robert Andrei"]
[Black "Marcu Grof, Sebastian"]
[Result "1-0"]
[WhiteElo "419"]
[BlackElo "401"]
[PlyCount "137"]
[EventDate "2008.04.08"]
[EventType "swiss"]
[EventRounds "9"]
[EventCountry "ROU"]
[SourceTitle "EXT 2013"]
[Source "ChessBase"]
[SourceDate "2012.11.22"]
[SourceVersion "1"]
[SourceVersionDate "2012.11.22"]
[SourceQuality "1"]

1. e4 e5 2. Nf3 Nc6 3. d4 exd4 4. Nxd4 Bc5 5. Be3 Qf6 6. c3 Nge7 7. Nxc6 Bxe3 8. fxe3 Qxc6 9. Qd4 d6 10. Na3 0-0 11. Bb5 Qc5 12. Qxc5 dxc5 13. 0-0 Bg4 14. Nc4 a6 15. Ne5 Be6 16. Bd7 Bxd7 17. Nxd7 Rfd8 18. Nxc5 b6 19. Nb3 Rd3 20. Nd4 Rxe3 21. Rf4 Ng6 22. Rg4 Ne5 23. Rf4 Nd3 24. Nc2 Nxf4 25. Nxe3 Re8 26. Rd1 h6 27. Kf2 Ne6 28. Nd5 Ng5 29. Nxc7 Rxe4 30. Nxa6 Ra4 31. Nb4 Ra5 32. h4 Ne4+ 33. Ke3 Nf6 34. Rd6 Re5+ 35. Kd3 Ne4 36. Kd4 Re7 37. Rxb6 Nf6 38. Rb8+ Kh7 39. Nd5 Nxd5 40. Kxd5 Rd7+ 41. Kc6 Ra7 42. Rb7 Rxa2 43. Kd7 Ra4 44. Rb4 Ra7+ 45. Kc8 Ra8+ 46. Kb7 Ra5 47. Kb6 Re5 48. c4 Re6+ 49. Ka7 Re7+ 50. Rb7 Re4 51. c5 Ra4+ 52. Kb8 Rc4 53. b4 Rxh4 54. c6 Rc4 55. c7 f5 56. c8Q Rxc8+ 57. Kxc8 f4 58. Rf7 Kg6 59. Rxf4 h5 60. b5 Kg5 61. Ra4 h4 62. b6 g6 63. b7 Kh5 64. b8Q g5 65. g4+ Kg6 66. Ra6+ Kf7 67. Qc7+ Kf8 68. Kb7 Ke8 69. Ra8# 1-0